Learning Architectural Drafting (Record no. 921800)

MARC details
000 -LEADER
fixed length control field 00279nam a2200109Ia 4500
008 - FIXED-LENGTH DATA ELEMENTS--GENERAL INFORMATION
fixed length control field 231107s1992 xx 000 0 und d
041 ## - LANGUAGE CODE
Language code of text/sound track or separate title eng
082 ## - DEWEY DECIMAL CLASSIFICATION NUMBER
Classification number 720.284
100 ## - MAIN ENTRY--PERSONAL NAME
Personal name Garcia,Nicolas
245 ## - TITLE STATEMENT
Title Learning Architectural Drafting
260 ## - PUBLICATION, DISTRIBUTION, ETC.
Place of publication, distribution, etc. Canada
Name of publisher, distributor, etc. Delmar Learning
Date of publication, distribution, etc. 1992

No items available.